A csépai subás szent Szegediek a "szent" csalónál - saját tudósítónktól /

Elmentve itt :
Bibliográfiai részletek
Szerző: Tömörkény István
Dokumentumtípus: Könyv része
Megjelent: 2016
Sorozat:A vallási kultúrakutatás könyvei
A holtakat látó : írások a csépai halottlátóról
Kulcsszavak:Halottkultusz - néphit - magyar, Csépa, Mészáros Mihály
Tárgyszavak:
Online Access:http://acta.bibl.u-szeged.hu/67480
LEADER 00962naa a2200241 i 4500
001 acta67480
005 20211001123840.0
008 200515s2016 hu o 0|| hun d
020 |a 978-963-508-838-6 
022 |a 2064-4825 
040 |a SZTE Egyetemi Kiadványok Repozitórium  |b hun 
041 |a hun 
100 1 |a Tömörkény István 
245 1 2 |a A csépai subás szent   |h [elektronikus dokumentum] :  |b Szegediek a "szent" csalónál - saját tudósítónktól /  |c  Tömörkény István 
260 |c 2016 
300 |a 14-16 
490 0 |a A vallási kultúrakutatás könyvei 
490 0 |a A holtakat látó : írások a csépai halottlátóról 
650 4 |a Bölcsészettudományok 
650 4 |a Nyelvek és irodalom 
650 4 |a Filozófia, etika és vallástudományok 
695 |a Halottkultusz - néphit - magyar, Csépa, Mészáros Mihály 
856 4 0 |u http://acta.bibl.u-szeged.hu/67480/1/vallasi_kulturakutatas_konyvei_029_014-016.pdf  |z Dokumentum-elérés